Reproducción de los animales domésticos (Record no. 55445)

MARC details
000 -LEADER
campo de control de longitud fija 00591nam a2200169 i 4500
001 - NÚMERO DE CONTROL
campo de control 55445
003 - IDENTIFICADOR DE NÚMERO DE CONTROL
campo de control ES-MaACL
007 - CAMPO FIJO DE DESCRIPCIÓN FÍSICA--INFORMACIÓN GENERAL
campo de control de longitud fija t|
008 - DATOS DE LONGITUD FIJA--INFORMACIÓN GENERAL
campo de control de longitud fija 030919s1982 sp ||||1| spa d
100 1# - ENTRADA PRINCIPAL--NOMBRE DE PERSONA
Nombre de persona Derivaux, J.
9 (RLIN) 43774
245 10 - MENCIÓN DEL TÍTULO
Título Reproducción de los animales domésticos
Resto del título : . 1: Fisiología. 2: El macho. Inseminación artificial. 3: Patología /
Mención de responsabilidad, etc. J. Derivaux ; traducido por José Gómez Piquer.
250 ## - MENCION DE EDICION
Mención de edición 2ª ed.
260 ## - PUBLICACIÓN, DISTRIBUCIÓN, ETC.
Lugar de publicación, distribución, etc. Zaragoza :
Nombre del editor, distribuidor, etc. Acribia,
Fecha de publicación, distribución, etc. 1982.
300 ## - DESCRIPCIÓN FÍSICA
Extensión XVII, 486 p. :
Otras características físicas il. ;
Dimensiones 24 cm.
700 1# - ENTRADA AGREGADA--NOMBRE PERSONAL
Nombre de persona Gómez Piquer, José.
9 (RLIN) 58117
852 ## - LOCALIZACIÓN
Ubicación ES-MaACL
Número de control de estantería L-3567
Sublocalización o colección R.103665
Holdings
Estatus retirado Estado de pérdida Estado de daño No para préstamo Biblioteca de origen Biblioteca actual Ubicación en estantería Fecha de adquisición Fuente de adquisición Total de préstamos Signatura topográfica completa Código de barras Visto por última vez Precio de reemplazo Tipo de ítem Koha
        Biblioteca del Ateneo de Madrid Biblioteca del Ateneo de Madrid Depósito 2 17/01/2008     L-3567 1058253 23/02/2023 23/02/2023 Libro impreso